000 00375 a2200169 4500
001 46343
020 _a9788526012073
040 _cAnchieta - Aquarius
100 _aFrança, Mary
240 1 0 _aO macaco faz das suas
_lpor
245 1 0 _aO macaco faz das suas
300 _a30
362 0 _a2007
440 1 _aGlobal
650 4 _aLiteratura infanto-juvenil
942 _cBK
999 _c46343
_d46343